Online Catalogue and eLibrary

Haroun and the Sea of Stories (Record no. 3311)

MARC details
000 -LEADER
fixed length control field 00414nam a2200157Ia 4500
005 - DATE AND TIME OF LATEST TRANSACTION
control field 20241114024805.0
008 - FIXED-LENGTH DATA ELEMENTS--GENERAL INFORMATION
fixed length control field 240331s9999 xx 000 0 und d
020 ## - INTERNATIONAL STANDARD BOOK NUMBER
ISBN 0140142231
082 ## - DDC Classification
Item Number - Author Mark RUS
Class No. 823
100 ## - MAIN ENTRY--PERSONAL NAME
Personal name Rushdie, S
245 #0 - TITLE STATEMENT
Title Haroun and the Sea of Stories
260 ## - PUBLICATION, DISTRIBUTION, ETC.
Place of publication, distribution, etc. London
Name of publisher, distributor, etc. Granta Books
Date of publication, distribution, etc. 1990
300 ## - PHYSICAL DESCRIPTION
Extent (e.g. Volumes, Pages etc.) 217 p .,
500 ## - GENERAL NOTE
General note Haroun and the Sea of Stories is an adventure novel
942 ## - Koha item type (Biblio)
Koha item type Books in Stacks (Lending)
Holdings
Lost status Damaged status Collection code Home library Current library Shelving location Date acquired Full call number Accession Number Item type
    Lending WERC Library WERC Library Social Science Cupboard 03/31/2024 823 RUS 629 Books in Stacks (Lending)

© WERC Library